Quick Pick: Union Generals of the Civil War Quiz Stats

 Plays Quiz Updated Nov 16, 2017

Challenge
Share
Tweet
Score 0/20 Timer 01:30
2 Plays Today
% Correct
Ulysses S.
97.4%
George Armstrong
85.3%
William T.
81.3%
Ambrose
77.3%
Abner
72.6%
George B.
69.8%
George Gordon
55.4%
Philip
52.7%
Joseph
51.1%
Joshua Lawrence
49.2%
% Correct
Winfield Scott
46.6%
John
34.2%
Irwin
32.6%
Nathaniel
29.3%
John
27.4%
James B.
26.4%
Philip
24.1%
Oliver O.
23.7%
George Henry
23.4%
Henry
18.3%

Today's Daily Dose

You're not logged in!

Compare scores with friends on all Sporcle quizzes.
OR
Log In

You Might Also Like...

Show Comments

Extras

Top Quizzes Today


Score Distribution

Your Account Isn't Verified!

In order to create a playlist on Sporcle, you need to verify the email address you used during registration. Go to your Sporcle Settings to finish the process.

Report this User

Report this user for behavior that violates our Community Guidelines.

Details: